| 000 | 00862amm a2200253 4500 | ||
|---|---|---|---|
| 005 | 20250519152732.0 | ||
| 007 | cr |||||||| | ||
| 008 | 250519s2023 o d cat d | ||
| 041 | _acat | ||
| 100 |
_aÁlvarez Calzada, Omar _975797 |
||
| 245 |
_aRecursos i glossari d’instal·lacions audiovisuals _h[en línia] _cOmar Álvarez Calzada |
||
| 260 |
_aBarcelona _bUniversitat Oberta de Catalunya _c2023 |
||
| 300 |
_a101 p. _bil. ; 1 document PDF |
||
| 520 | _aaprox. 170 | ||
| 546 | _acatalà | ||
| 592 | _aObra terminològica | ||
| 593 | _aTK | ||
| 593 | _aTKI | ||
| 650 | 0 |
_aaudiovisuals _974455 |
|
| 650 | 0 |
_amultimèdia _962794 |
|
| 856 | _uhttps://glossari-installacions-audiovisuals.recursos.uoc.edu/wp-content/uploads/2023/11/Recursos-i-glossari-dinstallacions-audiovisuals.pdf | ||
| 942 |
_cMO _n0 _2ddc |
||
| 999 |
_c69288 _d69288 |
||